| 000 | 01150nam a2200289 i 4500 | ||
|---|---|---|---|
| 003 | DO-SdBNP | ||
| 005 | 20260521073717.0 | ||
| 007 | ta | ||
| 008 | 240830b2016 dr ac||| |||| 00| 0 spa d | ||
| 020 | _a9789945902617 | ||
| 040 |
_aDO-SdBNP _bspa _cBNPHU _erda |
||
| 082 | 4 | _222 | |
| 100 | 1 |
_aSang, Mu-Kien A. _d1955- _q(Mu-Kien Adriana) _eautor _4aut. _9331 |
|
| 245 | 1 | 0 |
_aUna obra de amor y solidaridad : _bhistoria de los primeros 50 años de la Asociación Dominicana de Rehabilitación / _cMu-Kien Adriana Sang ; prólogo, Celso Marrazini Pérez |
| 264 |
_aSanto Domingo : _bEditora Corripio, _c2016. |
||
| 300 |
_a502 páginas : _bilustraciones, retratos ; _c27 cm. |
||
| 336 |
_atexto _btxt _2rdacontent |
||
| 337 |
_asin mediación _bn _2rdamedia |
||
| 338 |
_avolumen _bnc _2rdacarrier |
||
| 500 | _aIncluye datos biográficos del autor en la solapa de la contracubierta | ||
| 500 | _aIncluye referencias bibliográficas y notas al pie de las páginas | ||
| 500 | _aIncluye índice onomástico | ||
| 590 | _aInventariado, 2024/BT | ||
| 700 | 1 |
_aMarranzini Pérez, Celso, _4prol. _eprólogo _986483 |
|
| 910 | _aBtavárez | ||
| 942 |
_2ddc _cLBS1 |
||
| 999 |
_c57587 _d57587 |
||